| 000 | 00472cam a2200193ua 4500 | ||
|---|---|---|---|
| 041 |
_aeng _h |
||
| 082 |
_a515.62 _bSAX/FI |
||
| 100 | _aSaxena, H C . | ||
| 245 |
_aFinite differences and numerical analysis / _cH.C.Saxena. _hTextual Documents |
||
| 250 |
_a10 / _b. |
||
| 260 |
_aNew Delhi : _bS.Chand & Sons , _c1992. |
||
| 300 | _a359 ; . | ||
| 500 | _a*CSS | ||
| 504 | _a | ||
| 942 | _cBK | ||
| 999 |
_c3040 _d3040 |
||